000 00382nam a2200157Ia 4500
008 151213s9999 xx 000 0 und d
100 _aGraham Greene
245 _aThe Heart of The Matter
_cGraham Greene
250 _a1st
260 _aAustralia
_bPenguijng Book
_c1948
300 _a4358 p.
650 _aEnglish
650 _aStories
700 _aGraham Greene
999 _c2772
_d2772